|
|
|
|
| LEADER |
00911cam a2200253 a 4500 |
| 001 |
0000084949 |
| 005 |
20070329090000.0 |
| 040 |
|
|
|a mod
|
| 041 |
|
|
|a eng
|
| 020 |
0 |
0 |
|a 9780120885695
|
| 090 |
0 |
0 |
|a 616.71
|b BON
|e 2005
|
| 245 |
0 |
4 |
|a The bone and mineral manual
|b a practical guide
|c editors, Michael Kleerekoper, Ethel S. Siris, Michael McClung
|
| 250 |
0 |
0 |
|a 2nd ed.
|
| 260 |
0 |
0 |
|a London
|b Elsevier
|c 2005
|
| 300 |
0 |
0 |
|a xvii, 188 p.
|b ill.
|c 23 cm
|
| 504 |
0 |
0 |
|a Includes bibliographical references and index
|
| 650 |
0 |
0 |
|a Bone disease, Metabolic
|x Physiopathology
|x Handbook
|
| 650 |
0 |
0 |
|a Bone disease
|x Metabolic
|x Metabolism
|x Handbooks
|
| 650 |
0 |
0 |
|a Bone diseases, Development, physiopathology
|x Handbooks
|
| 650 |
0 |
0 |
|a Bone and bones
|x Metabolism
|x Handbooks
|
| 700 |
1 |
1 |
|a Kleerekoper
|h Michael
|
| 700 |
1 |
1 |
|a Siris
|h Ethel S.
|
| 700 |
1 |
1 |
|a McClung
|h Michael
|
| 999 |
|
|
|a 0251961
|b INSAN
|d BOOKS
|e Umum
|f INSAN
|j AVAILABLE
|q GOOD CONDITION
|